Gaming Quiz

Random Gaming or State Quiz

Monopoly on a Map Quiz Stats

 Plays Quiz Updated Aug 23, 2017

Challenge
Share
Tweet
Score 0/10 Timer 02:00
4 Plays Today
% Correct
NY
82.2%
PA
80.8%
IL
68.8%
VA
67.7%
IN
65.1%
KY
60.1%
TN
59.8%
NC
57%
CT
55.8%
VT
55.3%

You're not logged in!

Compare scores with friends on all Sporcle quizzes.
Join for Free
OR
Log In

You Might Also Like...

Show Comments

Extras

Top Quizzes Today


Score Distribution

Your Account Isn't Verified!

In order to create a playlist on Sporcle, you need to verify the email address you used during registration. Go to your Sporcle Settings to finish the process.

Report this User

Report this user for behavior that violates our Community Guidelines.

Details: